000 00262nam a2200109Ia 4500
008 220204s9999 xx 000 0 und d
082 _a65(035)
_bHUN
245 0 _aManager's handbook
260 _aLondon
_bSphere
_c1986
700 _aHunningher, Erica
942 _cBK
999 _c39183
_d39183